| 000 | 00892 a2200301 4500 | ||
|---|---|---|---|
| 502 | _aThèse de Doctorat | ||
| 260 | _aWageningen | ||
| 653 | 1 | _aAgronomie | |
| 100 | _aCARDOSO, Irene Maria | ||
| 041 | _bEn | ||
| 260 | _bUniversité de Wageningen | ||
| 300 | _a132 p. | ||
| 245 | _aPhosphorus in agroforestery systems : a contribution to sustainable agriculture in the Zona da Mata of Minas Gerais, Brazil | ||
| 650 | _aAGROFORESTERIE | ||
| 650 | _aSYSTEME D'EXPLOITATION AGRICOLE | ||
| 650 | _aDURABILITE | ||
| 260 | _c08 November 2002 | ||
| 300 | _bIll., Couv. ill. ; 24 cm | ||
| 130 | _lEn | ||
| 710 | _aWageningen University | ||
| 040 | _aSupport | ||
| 041 | _bEn | ||
| 100 | _uAbomey-Calavi, Université d'Abomey-Calavi, Faculté des Sciences Agronomiques, Bj | ||
| 651 | _aBRESIL | ||
| 690 | _aAGRICULTURE DURABLE | ||
| 020 | _a90-5808-746-8 | ||
| 999 |
_c32169 _d32169 |
||